Cultivos de España - Estadísticas

Estadísticas generales
  • Esta prueba ha sido intentada 97 veces
  • La puntuación promedio es 55 de 97
Estadísticas de respuestas
Tipo Cultivo % Correcto
Cítrico Naranja
97%
Tubérculo Patata
96%
Fruta Tomate
94%
Fruta Manzana
93%
Baya Fresa
92%
Fruta Pera
90%
Tubérculo Zanahoria
90%
Hortaliza Lechuga
89%
Cítrico Limón
89%
Cereal Trigo
89%
Fruta Melocotón
88%
Fruta Uva
88%
Fruta Melón
86%
Fruta Sandía
86%
Fruta Plátano
85%
Cítrico Mandarina
83%
Legumbre Lenteja
83%
Semilla Piñón
83%
Baya Arándano
81%
Hortaliza Cebolla
81%
Fruta Aceituna
78%
Fruto Seco Almendra
78%
Fruta Cereza
78%
Legumbre Garbanzo
78%
Hortaliza Calabaza
76%
Cereal Cebada
76%
Hortaliza Col
76%
Baya Frambuesa
76%
Hortaliza Pimiento
76%
Cereal Maíz
75%
Fruto Seco Nuez
75%
Fruta Piña
75%
Tubérculo Boniato
74%
Hortaliza Calabacín
74%
Fruta Aguacate
72%
Hortaliza Ajo
72%
Fruto Seco Cacahuete
71%
Legumbre Judía
71%
Baya Mora
68%
Flor Alcachofa
67%
Fruta Kiwi
67%
Hortaliza Pepino
67%
Cítrico Pomelo
67%
Fruta Mango
65%
Fruta Ciruela
64%
Legumbre Guisante
64%
Hortaliza Brocoli
63%
Flor Girasol
63%
Hortaliza Berenjena
61%
Cereal Arroz
60%
Fruto Seco Avellana
60%
Hongo Champiñón
60%
Fruto Seco Pistacho
58%
Fruta Albaricoque
57%
Hortaliza Coliflor
57%
Legumbre Haba
56%
Fruta Higo
56%
Hortaliza Acelga
54%
Cereal Avena
54%
Hortaliza Puerro
54%
Legumbre Alubia
50%
Cereal Centeno
50%
Fruta Granada
49%
Tubérculo Remolacha
49%
Fruta Caqui
46%
Hortaliza Perejil
46%
Tubérculo Nabo
44%
Tubérculo Rábano
44%
Hortaliza Espinaca
43%
Hortaliza Apio
42%
Fruta Papaya
42%
Fruto Seco Castaña
40%
Fruta Níspero
40%
Legumbre Soja
40%
Flor Azafrán
35%
Fruta Membrillo
33%
Hortaliza Rúcula
33%
Fruta Chirimoya
29%
Baya Grosella
29%
Planta Alfalfa
22%
Hortaliza Berza
21%
Hortaliza Endivia
21%
Hongo Trufa
19%
Hortaliza Borraja
15%
Hortaliza Canónigo
15%
Planta Lavanda
15%
Planta Colza
13%
Hortaliza Achicoria
11%
Flor Alcaparra
11%
Semilla Anís
10%
Planta Tabaco
8%
Legumbre Algarroba
7%
Hortaliza Calçot
7%
Tubérculo Chufa
7%
Baya Endrino
4%
Baya Enebro
4%
Tubérculo Regaliz
4%
No se encontraron pruebas coincidentes
Distribución de puntuación
Porcentaje de gente con cada puntuación
Porcentaje por número respondido
Historial de tus puntuaciones
No has intentado esta prueba.